[Event "EU Small Nations Hybrid"]
[Site "Tornelo INT"]
[Date "2021.04.22"]
[Round "6.1"]
[White "Constantinou, Pavlos"]
[Black "Luke Brezmes, Cristofer"]
[Result "0-1"]
[WhiteElo "2120"]
[BlackElo "2043"]
[PlyCount "88"]
[EventDate "2021.04.17"]
[EventType "tourn"]
[EventRounds "9"]
[EventCountry "NET"]
[SourceTitle "CBM 202 Extra"]
[Source "ChessBase"]
[SourceDate "2021.07.31"]
[SourceVersion "1"]
[SourceVersionDate "2021.07.31"]
[SourceQuality "1"]

1. e4 e6 2. d4 d5 3. Bd3 Nf6 4. e5 Nfd7 5. Ne2 c5 6. c3 Nc6 7. a3 c4 8. Bc2 Nb6 9. 0-0 Bd7 10. f4 g6 11. Nd2 Na5 12. Nf3 Bc6 13. Be3 Qd7 14. Bf2 Be7 15. a4 h5 16. Kh1 Nc8 17. Neg1 Qd8 18. Nh3 Qb6 19. Rb1 Nb3 20. Bxb3 Qxb3 21. Qxb3 cxb3 22. Ra1 Nb6 23. a5 Nc4 24. Rfd1 Bd8 25. a6 bxa6 26. Rxa6 Bb5 27. Raa1 a5 28. Nd2 Nxd2 29. Rxd2 a4 30. Be1 Be7 31. Nf2 Kd7 32. Nd1 Rhb8 33. Kg1 Kc6 34. Kf2 Bc4 35. Ke3 Kb5 36. h4 Rb7 37. g3 Rba7 38. Rb1 Bf1 39. Rh2 Bc4 40. Rf2 a3 41. bxa3 Rxa3 42. Rfb2 Ra1 43. Kd2 Rxb1 44. Rxb1 Ra2+ 0-1

[Event "Cyprus op 1st"]
[Site "Larnaka"]
[Date "2019.10.26"]
[Round "2"]
[White "Constantinou, Pavlos"]
[Black "Kotronias, Vasilios"]
[Result "0-1"]
[WhiteElo "2093"]
[BlackElo "2486"]
[PlyCount "100"]
[EventDate "2019.10.25"]
[EventType "swiss"]
[EventRounds "9"]
[EventCountry "CYP"]
[SourceTitle "CBM 192 Extra"]
[Source "Chessbase"]
[SourceDate "2019.11.06"]
[SourceVersion "1"]
[SourceVersionDate "2019.11.06"]
[SourceQuality "1"]

1. d4 Nf6 2. Nf3 g6 3. g3 Bg7 4. Bg2 0-0 5. 0-0 d6 6. b3 e5 7. dxe5 dxe5 8. Bb2 e4 9. Ng5 Bf5 10. Nd2 Nc6 11. Nc4 h6 12. Qxd8 Raxd8 13. Nh3 Nd5 14. Bxg7 Kxg7 15. Nf4 Nxf4 16. gxf4 Nd4 17. e3 Nxc2 18. Rac1 Nb4 19. Na5 b6 20. Nc6 Nxc6 21. Rxc6 Rd2 22. Rxc7 Rxa2 23. Re7 Be6 24. b4 Rb2 25. Rxa7 Rxb4 26. h4 Rd8 27. Kh2 g5 28. fxg5 hxg5 29. hxg5 Rb5 30. f4 exf3 31. Rxf3 Rxg5 32. Rf2 Rb8 33. Rb7 Rxb7 34. Bxb7 b5 35. e4 b4 36. Rb2 Rb5 37. Ba6 Rb6 38. Bd3 Kf6 39. Kg3 Ke5 40. Kf3 Kd4 41. Ke2 b3 42. Bb1 Kc3 43. Rd2 Bc4+ 44. Ke3 Rf6 45. Rd1 Rf1 46. Rxf1 Bxf1 47. e5 Bc4 48. Be4 Be6 49. Bd3 Kb2 50. Kd2 Ka1 0-1

[Event "CYP-ch"]
[Site "Larnaca"]
[Date "2019.01.13"]
[Round "2"]
[White "Constantinou, Pavlos"]
[Black "Hadjiyiannis, Costas"]
[Result "1-0"]
[WhiteElo "2105"]
[BlackElo "1778"]
[PlyCount "127"]
[EventDate "2019.01.12"]
[EventType "tourn"]
[EventRounds "9"]
[EventCountry "CYP"]
[SourceTitle "CBM 189 Extra"]
[Source "ChessBase"]
[SourceDate "2019.06.03"]
[SourceVersion "1"]
[SourceVersionDate "2019.06.03"]
[SourceQuality "1"]

1. d4 Nf6 2. g3 d5 3. Bg2 e6 4. Nf3 Be7 5. 0-0 b6 6. c4 Bb7 7. Ne5 0-0 8. Nc3 Nbd7 9. b3 c6 10. Bb2 Nxe5 11. dxe5 Ne8 12. cxd5 cxd5 13. Nb5 a6 14. Nd4 Qd7 15. Rc1 Nc7 16. Qd3 Rfc8 17. Rfd1 Nb5 18. Rxc8+ Rxc8 19. Nxb5 Qxb5 20. Qxb5 axb5 21. Rc1 Rxc1+ 22. Bxc1 b4 23. Kf1 Ba6 24. Ke1 Bc5 25. e4 dxe4 26. Bxe4 f5 27. exf6 gxf6 28. Bb2 f5 29. Bc2 Kf7 30. f3 h5 31. Be5 Ke7 32. Kd2 Bb5 33. Bd3 Bxd3 34. Kxd3 b5 35. h3 Bf2 36. g4 hxg4 37. hxg4 fxg4 38. fxg4 Bc5 39. Ke4 Kf7 40. Bd4 Bd6 41. Be3 Ke7 42. Bf4 Bc5 43. Bg5+ Kd7 44. Bf6 Bd6 45. g5 Ke8 46. Be5 Bc5 47. g6 Ke7 48. Bg7 Bd6 49. Kf3 Bc7 50. Kg4 Bb6 51. Kh5 Be3 52. Bh6 Bd4 53. Bd2 Bc3 54. Be3 Kd6 55. Kh6 Kd5 56. Kh7 Ke4 57. Bh6 Kd3 58. Bg7 Bxg7 59. Kxg7 Kc3 60. Kf6 Kb2 61. g7 Kxa2 62. g8Q Kxb3 63. Qxe6+ Ka3 64. Qa6+ 1-0

[Event "Olympiad-43"]
[Site "Batumi"]
[Date "2018.10.04"]
[Round "10.2"]
[White "Song, Raymond"]
[Black "Constantinou, Pavlos"]
[Result "1-0"]
[WhiteElo "2305"]
[BlackElo "2114"]
[PlyCount "123"]
[EventDate "2018.09.24"]
[EventType "team-swiss"]
[EventRounds "11"]
[EventCountry "GEO"]
[SourceTitle "CBM 187"]
[Source "ChessBase"]
[SourceDate "2018.12.11"]
[SourceVersion "1"]
[SourceVersionDate "2018.12.11"]
[SourceQuality "1"]
[WhiteTeam "Chinese Taipei"]
[BlackTeam "Cyprus"]
[WhiteTeamCountry "TPE"]
[BlackTeamCountry "CYP"]

1. e4 c5 2. Nf3 Nc6 3. Bb5 g6 4. Bxc6 dxc6 5. d3 Bg7 6. h3 Nf6 7. Nc3 0-0 8. 0-0 Nd7 9. Be3 e5 10. Qd2 Qe7 11. Bh6 Nf6 12. Rae1 Bxh6 13. Qxh6 Nh5 14. Ne2 f6 15. Nh2 Be6 16. f4 exf4 17. Nxf4 Qg7 18. Qxg7+ Nxg7 19. b3 Bd7 20. g4 Rae8 21. Kg2 Ne6 22. Kg3 Nd4 23. Rf2 Re7 24. Ref1 Kg7 25. h4 Ne6 26. Nxe6+ Bxe6 27. Nf3 h6 28. Ng1 Ref7 29. Ne2 g5 30. Kf3 h5 31. gxh5 Rh8 32. hxg5 fxg5+ 33. Kg2 Rxf2+ 34. Rxf2 Rxh5 35. Ng3 Rh7 36. Nf5+ Kg6 37. Nd6 Re7 38. Kg3 b6 39. c3 b5 40. d4 cxd4 41. cxd4 a5 42. Rc2 Bd7 43. a4 Rh7 44. Kg2 Rh3 45. axb5 cxb5 46. Rc7 Bg4 47. Nxb5 Rxb3 48. Nc3 a4 49. Kg3 Be6 50. d5 a3 51. Rc6 a2 52. Rxe6+ Kf7 53. Ra6 Rxc3+ 54. Kg4 Re3 55. Kf5 Re2 56. Ra7+ Kf8 57. d6 g4 58. Kf6 Ke8 59. e5 Rd2 60. Ke6 Kf8 61. d7 g3 62. Rxa2 1-0

[Event "Olympiad-43"]
[Site "Batumi"]
[Date "2018.10.02"]
[Round "8.2"]
[White "Constantinou, Pavlos"]
[Black "Dizdarevic, Emir"]
[Result "1/2-1/2"]
[WhiteElo "2114"]
[BlackElo "2444"]
[PlyCount "75"]
[EventDate "2018.09.24"]
[EventType "team-swiss"]
[EventRounds "11"]
[EventCountry "GEO"]
[SourceTitle "CBM 187"]
[Source "ChessBase"]
[SourceDate "2018.12.11"]
[SourceVersion "1"]
[SourceVersionDate "2018.12.11"]
[SourceQuality "1"]
[WhiteTeam "Cyprus"]
[BlackTeam "Bosnia&Herzegovina"]
[WhiteTeamCountry "CYP"]
[BlackTeamCountry "BIH"]

1. d4 Nf6 2. g3 d5 3. Bg2 c6 4. Nf3 Bf5 5. c4 e6 6. 0-0 Nbd7 7. Nbd2 h6 8. b3 Be7 9. Bb2 0-0 10. Ne5 a5 11. a3 Bh7 12. Re1 Nxe5 13. dxe5 Nd7 14. e4 Nc5 15. Qc2 dxe4 16. Bxe4 Nxe4 17. Nxe4 Qb6 18. Qc3 Bxe4 19. Rxe4 Rfd8 20. Ree1 Bc5 21. Qc2 Rd7 22. Red1 Rad8 23. Rxd7 Rxd7 24. Bc3 g6 25. Kg2 Kg7 26. h4 h5 27. a4 Qd8 28. Re1 Rd3 29. Re2 Bb4 30. Bxb4 axb4 31. Re3 Rd1 32. Qe4 Rd7 33. Qf3 Rd4 34. Re4 Rd3 35. Re3 Rd2 36. Qf4 Rd4 37. Re4 Rd1 38. Re3 1/2-1/2

[Event "CYP-ch"]
[Site "Larnaca"]
[Date "2018.05.27"]
[Round "10"]
[White "Constantinou, Pavlos"]
[Black "Melas, Renos"]
[Result "0-1"]
[WhiteElo "2107"]
[BlackElo "2117"]
[PlyCount "70"]
[EventDate "2018.04.28"]
[EventType "tourn"]
[EventRounds "11"]
[EventCountry "CYP"]
[SourceTitle "EXT 2021"]
[Source "ChessBase"]
[SourceDate "2020.10.23"]
[SourceVersion "1"]
[SourceVersionDate "2020.10.23"]
[SourceQuality "1"]

1. e4 e6 2. d4 d5 3. Nd2 c5 4. exd5 exd5 5. Bb5+ Nc6 6. Qe2+ Be6 7. dxc5 Bxc5 8. Nb3 Bb6 9. Nf3 Nge7 10. Bf4 0-0 11. c3 Bg4 12. h3 Bh5 13. g4 Bg6 14. 0-0 a6 15. Bd3 Re8 16. Rad1 Bc7 17. Bxc7 Qxc7 18. Rfe1 Kf8 19. Qd2 Rad8 20. Nbd4 Bxd3 21. Qxd3 Ng6 22. Qf5 Kg8 23. Ne2 Nce5 24. Ned4 Nc4 25. Rxe8+ Rxe8 26. b3 Nd6 27. Qc2 Nf4 28. Ng5 Ne4 29. f3 Nxg5 30. Qf5 Nfxh3+ 31. Kg2 g6 32. Qf6 Nf4+ 33. Kf1 h6 34. Rd2 Re3 35. c4 Nxf3 0-1

[Event "CYP-ch"]
[Site "Larnaca"]
[Date "2018.04.29"]
[Round "2"]
[White "Savva, Panikos"]
[Black "Constantinou, Pavlos"]
[Result "1-0"]
[WhiteElo "2036"]
[BlackElo "2107"]
[PlyCount "109"]
[EventDate "2018.04.28"]
[EventType "tourn"]
[EventRounds "11"]
[EventCountry "CYP"]
[SourceTitle "EXT 2021"]
[Source "ChessBase"]
[SourceDate "2020.10.23"]
[SourceVersion "1"]
[SourceVersionDate "2020.10.23"]
[SourceQuality "1"]

1. Nf3 Nf6 2. c4 e6 3. Nc3 b6 4. g3 Bb7 5. Bg2 Be7 6. 0-0 0-0 7. b3 c5 8. Bb2 d6 9. d4 Ne4 10. Nxe4 Bxe4 11. dxc5 bxc5 12. Qd2 Nd7 13. Rad1 f5 14. Ne1 Qe8 15. Qe3 Qg6 16. Bxe4 fxe4 17. Ng2 e5 18. f3 exf3 19. exf3 Rae8 20. Qd3 Qe6 21. f4 e4 22. Qd5 Bf6 23. Bxf6 Rxf6 24. Ne3 a5 25. Rfe1 Qxd5 26. Nxd5 Rff8 27. Nc7 Rc8 28. Nb5 Nf6 29. Nxd6 Rc7 30. Nxe4 Nxe4 31. Rxe4 a4 32. Rd5 axb3 33. axb3 Rb8 34. Re3 Ra8 35. Kf2 Ra2+ 36. Re2 Ra3 37. Rd3 Rb7 38. Rb2 Kf7 39. Ke2 Ra1 40. Rbd2 Re7+ 41. Kf3 Rb1 42. h3 h5 43. g4 hxg4+ 44. hxg4 g6 45. Kg3 Rb7 46. Rd7+ Rxd7 47. Rxd7+ Ke6 48. Rd5 Rxb3+ 49. Kh4 Kf6 50. Rxc5 Rb6 51. Rd5 Rc6 52. c5 Kg7 53. Kg5 Kh7 54. Rd7+ Kg8 55. Rd6 1-0

[Event "EU Small Countries ol 5th"]
[Site "Andorra"]
[Date "2017.11.18"]
[Round "9.1"]
[White "Darmanin, Jake"]
[Black "Constantinou, Pavlos"]
[Result "0-1"]
[WhiteElo "2058"]
[BlackElo "2057"]
[PlyCount "66"]
[EventDate "2017.11.12"]
[EventType "team-tourn"]
[EventRounds "9"]
[EventCountry "AND"]
[SourceTitle "CBM 181 Extra"]
[Source "ChessBase"]
[SourceDate "2017.12.12"]
[SourceVersion "1"]
[SourceVersionDate "2017.12.12"]
[SourceQuality "1"]
[WhiteTeam "Malta"]
[BlackTeam "Cyprus"]
[WhiteTeamCountry "MLT"]
[BlackTeamCountry "CYP"]

1. e4 c5 2. c3 g6 3. Nf3 Bg7 4. d4 cxd4 5. cxd4 d5 6. e5 Bg4 7. Bb5+ Nc6 8. h3 Bxf3 9. Bxc6+ bxc6 10. Qxf3 Nh6 11. 0-0 0-0 12. Nc3 Nf5 13. Qd3 e6 14. Na4 f6 15. Nc5 Qe7 16. exf6 Bxf6 17. Nb3 e5 18. dxe5 Bxe5 19. f4 Bc7 20. Bd2 Bb6+ 21. Kh2 Rae8 22. Rac1 Qe2 23. Qxe2 Rxe2 24. Rfe1 Rfe8 25. Rxe2 Rxe2 26. Rxc6 Nh4 27. Rc8+ Kf7 28. Rc3 Rxg2+ 29. Kh1 Rf2 30. Be3 Bxe3 31. Rxe3 Nf3 32. Rxf3 Rxf3 33. Kg2 Rxf4 0-1

[Event "Olympiad-42"]
[Site "Baku"]
[Date "2016.09.12"]
[Round "10.2"]
[White "Ortiz, Marcos"]
[Black "Constantinou, Pavlos"]
[Result "1-0"]
[WhiteElo "2219"]
[BlackElo "2058"]
[PlyCount "78"]
[EventDate "2016.09.02"]
[EventType "team-swiss"]
[EventRounds "11"]
[EventCountry "AZE"]
[SourceTitle "CBM 175"]
[Source "ChessBase"]
[SourceDate "2016.11.10"]
[SourceVersion "1"]
[SourceVersionDate "2016.11.10"]
[SourceQuality "1"]
[WhiteTeam "Nicaragua"]
[BlackTeam "Cyprus"]
[WhiteTeamCountry "NCA"]
[BlackTeamCountry "CYP"]

1. e4 c5 2. Nf3 Nc6 3. d4 cxd4 4. Nxd4 g6 5. Nc3 Bg7 6. Be3 Nf6 7. Bc4 0-0 8. Bb3 a5 9. f3 d5 10. Bxd5 Nxd5 11. exd5 Nb4 12. Nde2 e6 13. a3 Nxd5 14. Nxd5 exd5 15. Bd4 Bh6 16. 0-0 Re8 17. Nc3 Bf5 18. Nb5 Qd7 19. a4 Qc6 20. c3 Re7 21. Re1 Rae8 22. Rxe7 Rxe7 23. Bf2 Bd7 24. Qd3 Qc4 25. Qxc4 dxc4 26. Nd6 Be6 27. Nb5 Bf5 28. Nd4 Bd3 29. b3 Be3 30. Bxe3 Rxe3 31. Kf2 Re7 32. bxc4 Rc7 33. Nb3 b6 34. c5 bxc5 35. Nxa5 c4 36. Ke3 Re7+ 37. Kd4 Re2 38. Nxc4 Bf5 39. a5 Re8 1-0

[Event "Olympiad-42"]
[Site "Baku"]
[Date "2016.09.10"]
[Round "8.2"]
[White "Constantinou, Pavlos"]
[Black "Arias, Daniel1111"]
[Result "1/2-1/2"]
[WhiteElo "2058"]
[BlackElo "2285"]
[PlyCount "78"]
[EventDate "2016.09.02"]
[EventType "team-swiss"]
[EventRounds "11"]
[EventCountry "AZE"]
[SourceTitle "CBM 175"]
[Source "ChessBase"]
[SourceDate "2016.11.10"]
[SourceVersion "1"]
[SourceVersionDate "2016.11.10"]
[SourceQuality "1"]
[WhiteTeam "Cyprus"]
[BlackTeam "El Salvador"]
[WhiteTeamCountry "CYP"]
[BlackTeamCountry "ESA"]

1. e4 c5 2. Nf3 d6 3. Bb5+ Nd7 4. 0-0 Ngf6 5. Re1 a6 6. Bd3 e6 7. c3 Be7 8. Bc2 b5 9. a4 Bb7 10. d4 b4 11. Nbd2 bxc3 12. bxc3 Qc7 13. Nf1 Rc8 14. Bd3 d5 15. e5 Ne4 16. Bxe4 dxe4 17. Ng5 Qa5 18. Nxe4 Bxe4 19. Rxe4 Qxc3 20. Ra3 Qb4 21. Rg3 g6 22. Ba3 Qb7 23. Re2 0-0 24. Rb3 Qc6 25. Rc3 Rfe8 26. Bxc5 Nxc5 27. dxc5 Bxc5 28. Rec2 Qxa4 29. Qc1 Ba3 30. Qa1 Qxc2 31. Rxc2 Rxc2 32. Qxa3 Rb8 33. g3 Rbb2 34. Qxa6 Rxf2 35. Qa8+ Kg7 36. Qe4 Rfe2 37. Qf3 Re1 38. Qf6+ Kg8 39. Qd8+ Kg7 1/2-1/2

[Event "EU Small Countries ol 4th"]
[Site "Saint Peter Port"]
[Date "2015.04.25"]
[Round "9.1"]
[White "Constantinou, Pavlos"]
[Black "Butnorius, Algimantas"]
[Result "1/2-1/2"]
[WhiteElo "2090"]
[BlackElo "2382"]
[PlyCount "53"]
[EventDate "2015.04.19"]
[EventType "team-tourn"]
[EventRounds "9"]
[EventCountry "GCI"]
[SourceTitle "CBM 166 Extra"]
[Source "ChessBase"]
[SourceDate "2015.06.18"]
[SourceVersion "1"]
[SourceVersionDate "2015.06.18"]
[SourceQuality "1"]
[WhiteTeam "Cyprus"]
[BlackTeam "Monaco"]
[WhiteTeamCountry "CYP"]
[BlackTeamCountry "MNC"]

1. d4 Nf6 2. c4 e6 3. Nc3 Bb4 4. e3 0-0 5. Nge2 d5 6. a3 Be7 7. cxd5 exd5 8. Nf4 c6 9. Bd3 Re8 10. 0-0 Nbd7 11. f3 Nf8 12. Bc2 Ne6 13. e4 dxe4 14. Nxe6 Bxe6 15. fxe4 Bg4 16. Qd3 Bh5 17. e5 Bg6 18. Qd2 Nd5 19. Bxg6 hxg6 20. Qf2 Rf8 21. Ne4 Rc8 22. Bd2 Rc7 23. Qg3 Nb6 24. Bc3 Nd5 25. Bd2 Nb6 26. Bc3 Nd5 27. Bd2 1/2-1/2

[Event "EU Small Countries ol 4th"]
[Site "Saint Peter Port"]
[Date "2015.04.24"]
[Round "8.1"]
[White "Rodgaard, John"]
[Black "Constantinou, Pavlos"]
[Result "1/2-1/2"]
[WhiteElo "2340"]
[BlackElo "2090"]
[PlyCount "51"]
[EventDate "2015.04.19"]
[EventType "team-tourn"]
[EventRounds "9"]
[EventCountry "GCI"]
[SourceTitle "CBM 166 Extra"]
[Source "ChessBase"]
[SourceDate "2015.06.18"]
[SourceVersion "1"]
[SourceVersionDate "2015.06.18"]
[SourceQuality "1"]
[WhiteTeam "Faroe Islands"]
[BlackTeam "Cyprus"]
[WhiteTeamCountry "FAI"]
[BlackTeamCountry "CYP"]

1. Nf3 Nf6 2. c4 e6 3. g3 a6 4. Nc3 d5 5. cxd5 exd5 6. d4 Bd6 7. Bg2 0-0 8. Bf4 c6 9. Bxd6 Qxd6 10. 0-0 Bf5 11. Ne5 Nbd7 12. Nd3 Rfe8 13. Rc1 Ne4 14. Nxe4 Bxe4 15. f3 Bf5 16. Qd2 Re7 17. Rfe1 Rae8 18. Nc5 Nxc5 19. Rxc5 Re3 20. Rc3 R3e6 21. a3 h5 22. Kf2 Qe7 23. b4 h4 24. Bf1 hxg3+ 25. hxg3 g5 26. Bg2 1/2-1/2

[Event "CYP-chA"]
[Site "Nicosia"]
[Date "2015.02.28"]
[Round "7"]
[White "Savva, Panikos"]
[Black "Constantinou, Pavlos"]
[Result "1-0"]
[WhiteElo "2043"]
[BlackElo "2090"]
[PlyCount "127"]
[EventDate "2015.02.07"]
[EventType "tourn"]
[EventRounds "9"]
[EventCountry "CYP"]
[SourceTitle "CBM 165 Extra"]
[Source "ChessBase"]
[SourceDate "2015.04.21"]
[SourceVersion "1"]
[SourceVersionDate "2015.04.21"]
[SourceQuality "1"]

1. d4 Nf6 2. c4 e6 3. Nc3 Bb4 4. Qc2 0-0 5. a3 Bxc3+ 6. Qxc3 b5 7. cxb5 c6 8. g3 Ne4 9. Qc2 f5 10. Bg2 cxb5 11. Bxe4 fxe4 12. Qxe4 Qb6 13. Nf3 Bb7 14. Qd3 Bxf3 15. exf3 Nc6 16. Be3 d5 17. f4 a5 18. Rc1 a4 19. Rc5 Rab8 20. b3 axb3 21. Qxb3 Na5 22. Qb4 Nc4 23. 0-0 Qa6 24. Ra1 Qa4 25. Rc7 Rfc8 26. Re7 Re8 27. Rxe8+ Rxe8 28. Rb1 Qxa3 29. Qxb5 Re7 30. Qc5 Qd3 31. Qxe7 Qxb1+ 32. Kg2 Qe4+ 33. Kh3 h6 34. Qc7 Kh7 35. Qb8 Qd3 36. Qe8 Qe4 37. Qh5 Qb1 38. Kg2 Qe4+ 39. Qf3 Qc2 40. g4 Nd6 41. f5 Qc8 42. Bf4 Ne4 43. Be5 Ng5 44. Qd3 Qc4 45. Qxc4 dxc4 46. fxe6 Nxe6 47. d5 Nc5 48. d6 Kg6 49. f4 Kf7 50. Kf3 g6 51. Ke3 Ke6 52. Kd4 Nb7 53. Kxc4 g5 54. Kd4 gxf4 55. Bxf4 Nxd6 56. Bxd6 Kxd6 57. Ke4 Ke6 58. h4 Kf6 59. Kf4 Ke6 60. Ke4 Kf6 61. Kd5 Kf7 62. Ke5 Ke7 63. Kf5 Kf7 64. h5 1-0

[Event "CYP-chA"]
[Site "Nicosia"]
[Date "2015.02.14"]
[Round "3"]
[White "Loizou, Lefteris"]
[Black "Constantinou, Pavlos"]
[Result "0-1"]
[WhiteElo "1596"]
[BlackElo "2090"]
[PlyCount "52"]
[EventDate "2015.02.07"]
[EventType "tourn"]
[EventRounds "9"]
[EventCountry "CYP"]
[SourceTitle "CBM 165 Extra"]
[Source "ChessBase"]
[SourceDate "2015.04.21"]
[SourceVersion "1"]
[SourceVersionDate "2015.04.21"]
[SourceQuality "1"]

1. e4 c5 2. Nf3 e6 3. c3 d5 4. exd5 Qxd5 5. d3 Nf6 6. Be2 Be7 7. 0-0 0-0 8. Bf4 Nc6 9. h3 e5 10. Bh2 Rd8 11. Qc2 Bf5 12. Rd1 c4 13. dxc4 Qxf3 14. Bxf3 Bxc2 15. Rd2 Be4 16. Be2 a5 17. Kf1 Bc5 18. Rd1 Rxd1+ 19. Bxd1 Rd8 20. Be2 Kf8 21. a4 Ke7 22. Na3 Rd2 23. f3 Bg6 24. Bg3 Rxb2 25. Bd1 Nh5 26. Be2 Nxg3+ 0-1

[Event "Mediterranean Cup 9th"]
[Site "Chania"]
[Date "2014.09.04"]
[Round "3"]
[White "Constantinou, Pavlos"]
[Black "Erdogdu, Mert"]
[Result "0-1"]
[WhiteElo "2119"]
[BlackElo "2416"]
[PlyCount "96"]
[EventDate "2014.09.03"]
[EventType "swiss"]
[EventRounds "9"]
[EventCountry "GRE"]
[SourceTitle "CBM 162 Extra"]
[Source "ChessBase"]
[SourceDate "2014.10.17"]
[SourceVersion "1"]
[SourceVersionDate "2014.10.17"]
[SourceQuality "1"]

1. e4 c5 2. Nf3 d6 3. Bb5+ Nc6 4. 0-0 Bd7 5. Re1 Nf6 6. c3 a6 7. Bf1 Bg4 8. h3 Bh5 9. g4 Bg6 10. d4 e5 11. d5 Nb8 12. Nbd2 Be7 13. a4 0-0 14. a5 Nbd7 15. Kh2 h5 16. g5 Nh7 17. Nc4 Nxg5 18. Nxg5 Bxg5 19. Nxd6 Bxc1 20. Qxc1 Qf6 21. Nc4 Qxf2+ 22. Bg2 Qh4 23. Qe3 f5 24. exf5 Rxf5 25. Qg3 Qf6 26. Rf1 Rf8 27. Rxf5 Bxf5 28. Rf1 h4 29. Qe3 Qg6 30. Nxe5 Qg3+ 31. Qxg3 hxg3+ 32. Kxg3 Nxe5 33. d6 Nc6 34. Bd5+ Kh8 35. d7 g6 36. Bxc6 bxc6 37. Rd1 Rd8 38. Rd6 Bxd7 39. Kh4 Kg7 40. Kg5 Kf7 41. h4 Ke7 42. Rxg6 Be8 43. Rg7+ Bf7 44. h5 Rd5+ 45. Kg4 Kf6 46. h6 Rd1 47. Rh7 Rd8 48. Kf4 Rb8 0-1

[Event "Olympiad-41"]
[Site "Tromsoe"]
[Date "2014.08.14"]
[Round "11.2"]
[White "Goh, Wei Ming Kevin"]
[Black "Constantinou, Pavlos"]
[Result "1/2-1/2"]
[WhiteElo "2433"]
[BlackElo "2106"]
[PlyCount "79"]
[EventDate "2014.08.02"]
[EventType "team-swiss"]
[EventRounds "11"]
[EventCountry "NOR"]
[SourceTitle "CBM 162"]
[Source "ChessBase"]
[SourceDate "2014.09.17"]
[SourceVersion "1"]
[SourceVersionDate "2014.09.17"]
[SourceQuality "1"]
[WhiteTeam "Singapore"]
[BlackTeam "Cyprus"]
[WhiteTeamCountry "SIN"]
[BlackTeamCountry "CYP"]

1. e4 c5 2. Nf3 Nc6 3. Bb5 g6 4. 0-0 Bg7 5. Nc3 e5 6. Bxc6 dxc6 7. d3 Bg4 8. Be3 b6 9. h3 Bxf3 10. Qxf3 Nf6 11. Qe2 Nh5 12. g3 0-0 13. a3 Qe8 14. b4 cxb4 15. axb4 f5 16. Bd2 f4 17. Qe1 fxg3 18. fxg3 Rxf1+ 19. Kxf1 Qf8+ 20. Kg2 Qxb4 21. Na4 Qf8 22. Qe3 b5 23. Nc5 Nf4+ 24. Kh2 Qe7 25. Ra6 Ne6 26. Nxe6 Qxe6 27. Rxa7 Rxa7 28. Qxa7 Qf7 29. Qg1 Qf3 30. Qe1 Bf8 31. Be3 Bb4 32. Qf2 Qxf2+ 33. Bxf2 Kf7 34. Kg2 Ke6 35. Kf3 Be7 36. Ke2 Bg5 37. c3 Be7 38. Kd1 c5 39. c4 b4 40. Kc2 1/2-1/2